000
00344 a2200157 4500
001
68428
020
_a
9788579017896
040
_c
Anchieta - Pituba
100
_a
Guimarães, José Osvaldo de Souza
240
1
0
_a
Física 1ª série
_l
245
1
0
_a
Física 1ª série
300
_a
232
362
0
_a
2023
650
4
_a
Física
942
_c
BK
999
_c
68428
_d
68428